| 000 | 00852nac a22002171u 4500 | ||
|---|---|---|---|
| 010 | _a 2001028067 | ||
| 020 | _a0824704827 (alk. paper) | ||
| 082 | 0 | 0 |
_a665.538 _bG1996 |
| 090 |
_c2173 _d2173 |
||
| 100 | _aGary, James H., | ||
| 245 | 1 | 0 |
_aPetroleum refining technology and economics / _cJames H. Gary, Glenn E. Handwerk. |
| 250 | _a4th ed. | ||
| 260 |
_aNew York : _bM. Dekker,2001 _c2001. |
||
| 300 |
_axii, 441 p. : _bill. ; _c24 cm. |
||
| 504 | _aIncludes bibliographical references and indexes. | ||
| 650 | 0 |
_aPetroleum _xRefining. |
|
| 700 | 1 | _aHandwerk, Glenn E. | |
| 856 | 4 | 2 |
_3Publisher description _uhttp://www.loc.gov/catdir/enhancements/fy0647/2001028067-d.html |
| 942 |
_cBB _k665.5G1996 |
||
| 999 |
_c2173 _d2173 |
||